| 000 | 00391 a2200145 4500 | ||
|---|---|---|---|
| 020 | _a0070510644 | ||
| 082 | _a627.2 QUI | ||
| 100 | _aQuinn, Alonzo DeF | ||
| 245 |
_aDesign and construction of ports and marine structures _cAlonzo DeF. Quinn. |
||
| 250 | _a2d ed. | ||
| 260 |
_aNew York, _bMcGraw-Hill _c1972 |
||
| 300 |
_ax, 611 p. _billus. _c24 cm. |
||
| 650 | _aHarbors. | ||
| 650 | _aBreakwaters. | ||
| 650 | _aDocks. | ||
| 999 |
_c1573 _d1573 |
||